[Event "IV Festival A"]
[Site "Vanzaghello ITA"]
[Date "2003.09.18"]
[Round "1"]
[White "Bianchi, Alberto"]
[Black "Molteni, Costantino"]
[Result "1-0"]
[WhiteElo "2040"]
[BlackElo "1678"]
[PlyCount "89"]
[EventDate "2003.09.18"]

1. e4 Nf6 2. Nc3 d5 3. e5 d4 4. exf6 dxc3 5. fxe7 cxd2+ 6. Bxd2 Bxe7 7. Bd3 Nd7
8. Nf3 Bf6 9. Qe2+ Qe7 10. Qxe7+ Kxe7 11. O-O-O Re8 12. Rhe1+ Kf8 13. Rxe8+
Kxe8 14. Re1+ Kf8 15. Bf4 Nc5 16. Bc4 Ne6 17. Bxe6 Bxe6 18. Bxc7 Rc8 19. Bd6+
Kg8 20. b3 h6 21. Be5 Be7 22. Kb2 Bc5 23. Bd4 Bd5 24. Bxc5 Bxf3 25. Bxa7 Bxg2
26. Bd4 g5 27. Rg1 Bf3 28. Re1 Kf8 29. a4 Re8 30. Bg7+ Kxg7 31. Rxe8 f5 32. c4
h5 33. b4 g4 34. Kc3 f4 35. Kd4 h4 36. Re1 Kf6 37. c5 h3 38. b5 Kf5 39. Rg1 Bg2
40. c6 bxc6 41. b6 g3 42. fxg3 fxg3 43. hxg3 h2 44. Re1 Kg4 45. Kc5 1-0

[Event "IV Festival A"]
[Site "Vanzaghello ITA"]
[Date "2003.09.18"]
[Round "1"]
[White "Borroni, Enrico"]
[Black "Profumo, Alberto"]
[Result "0-1"]
[WhiteElo "1908"]
[BlackElo "2240"]
[PlyCount "100"]
[EventDate "2003.09.18"]

1. d4 Nf6 2. Nf3 d5 3. e3 Bg4 4. Nbd2 e6 5. Be2 Nbd7 6. O-O Bd6 7. h3 Bh5 8. c4
c6 9. Qb3 Rb8 10. cxd5 exd5 11. Qa4 a6 12. b4 Qe7 13. a3 Ne4 14. Qc2 O-O 15.
Nb3 f5 16. Nc5 Ndf6 17. Nd3 Bxf3 18. Bxf3 g5 19. Bb2 g4 20. hxg4 Nxg4 21. Bxg4
fxg4 22. Ne5 g3 23. fxg3 Nxg3 24. Rf4 Rxf4 25. exf4 Qh4 26. Qd1 Rf8 27. Qg4+
Qxg4 28. Nxg4 Rxf4 29. Nf2 Kf7 30. Re1 Ne4 31. Nh3 Rf5 32. Bc1 Kg6 33. Be3 Bg3
34. Rc1 Bd6 35. Re1 h6 36. Rc1 Rf6 37. Re1 Bg3 38. Rc1 Ng5 39. Nf2 Re6 40. Bxg5
Bxf2+ 41. Kxf2 hxg5 42. Rd1 Kf5 43. Rd2 Kg4 44. Rd3 Rf6+ 45. Ke2 Rf4 46. Ke1
Kf5 47. Ke2 Ke4 48. Rd2 g4 49. Ke1 g3 50. Re2+ Kxd4 0-1

[Event "IV Festival A"]
[Site "Vanzaghello ITA"]
[Date "2003.09.18"]
[Round "1"]
[White "Brioschi, Camillo"]
[Black "Kidane, Robel"]
[Result "0-1"]
[WhiteElo "1678"]
[BlackElo "2045"]
[PlyCount "104"]
[EventDate "2003.09.18"]

1. d4 Nf6 2. c4 g6 3. Nc3 d5 4. cxd5 Nxd5 5. e4 Nxc3 6. bxc3 Bg7 7. Be3 c5 8.
Bc4 Nc6 9. Ne2 O-O 10. O-O cxd4 11. cxd4 Bg4 12. f3 Na5 13. Bxf7+ Rxf7 14. fxg4
Rxf1+ 15. Kxf1 Qd6 16. Kg1 Qa3 17. Qc1 Qd3 18. Qd2 Qxe4 19. Rc1 b5 20. Ng3 Qe6
21. d5 Qe5 22. Bf4 Qd4+ 23. Qxd4 Bxd4+ 24. Kh1 Nc4 25. Rd1 Be3 26. Ne2 Rd8 27.
h3 e6 28. Bxe3 Nxe3 29. Rd3 Nxd5 30. Ra3 Rd7 31. Nd4 b4 32. Ra6 e5 33. Nc6 e4
34. Rxa7 Rxa7 35. Nxa7 Nc3 36. Nc6 Nxa2 37. Ne5 b3 38. Nc4 e3 39. Kg1 Nc3 40.
Kf1 Nd1 41. Na3 Nc3 42. Nc4 Kf8 43. Nb2 Ke7 44. g5 Kd6 45. Nc4+ Kc5 46. Nb2 Kb4
47. g4 Ka3 48. Nc4+ Ka2 49. h4 b2 50. Nxb2 Kxb2 51. h5 Kc2 52. Ke1 Kd3 0-1

[Event "IV Festival A"]
[Site "Vanzaghello ITA"]
[Date "2003.09.18"]
[Round "1"]
[White "Cardani, Roberto"]
[Black "Sgnaolin, Davide"]
[Result "0-1"]
[WhiteElo "1701"]
[BlackElo "2137"]
[PlyCount "162"]
[EventDate "2003.09.18"]

1. e4 c5 2. c3 Nf6 3. e5 Nd5 4. d4 cxd4 5. Nf3 e6 6. cxd4 b6 7. Nc3 Nxc3 8.
bxc3 Qc7 9. Bd2 Be7 10. Bd3 Ba6 11. Bxa6 Nxa6 12. O-O O-O 13. Qa4 Nb8 14. Rac1
d6 15. Rfe1 Qc6 16. Qc2 Nd7 17. Bg5 Rfe8 18. Bxe7 Rxe7 19. Ng5 Nf8 20. exd6
Qxd6 21. Qe4 Rd8 22. Qh4 h6 23. Nf3 Ng6 24. Qe4 Rc7 25. Rc2 Rdc8 26. Rec1 Qf4
27. Qd3 Qg4 28. Ne5 Nf4 29. Qf1 Qf5 30. g3 Nh3+ 31. Kg2 Ng5 32. f4 Ne4 33. c4
Nf6 34. Qe2 Nd5 35. Nd3 Ne7 36. Ne5 Nc6 37. Nxc6 Rxc6 38. h3 a6 39. Qf3 Qa5 40.
Qb3 Rd6 41. Rd1 Qf5 42. Qd3 Qa5 43. Qc3 Qa4 44. Qb3 Qc6+ 45. Qf3 Qd7 46. Qe3
Rd8 47. Rcd2 Qc6+ 48. Kh2 Qxc4 49. Kg2 Rd5 50. Qf2 b5 51. Rc2 Qa4 52. Rcd2 a5
53. Qe3 b4 54. Qb3 Qc6 55. Kf2 Rc8 56. Ke3 Qd6 57. Rc2 Rd8 58. Rc4 Rf5 59. Qd3
g5 60. Qe4 Qa6 61. Rdc1 Kg7 62. R1c2 Qd6 63. Rc6 Qd5 64. R6c5 gxf4+ 65. gxf4
Qxe4+ 66. Kxe4 Rdd5 67. Rxd5 Rxd5 68. Rc5 Rxc5 69. dxc5 Kf6 70. Kd4 Ke7 71. Kc4
Kd7 72. Kb5 f5 73. Kb6 a4 74. Kb7 b3 75. c6+ Ke7 76. c7 bxa2 77. c8=Q a1=Q 78.
Qc7+ Kf6 79. Qd8+ Kg6 80. Qe8+ Kh7 81. Ka6 a3 0-1

[Event "IV Festival A"]
[Site "Vanzaghello ITA"]
[Date "2003.09.18"]
[Round "1"]
[White "De Santis, Alessio"]
[Black "Damia, Angelo"]
[Result "1-0"]
[WhiteElo "2289"]
[BlackElo "2021"]
[PlyCount "39"]
[EventDate "2003.09.18"]

1. d4 f5 2. g4 fxg4 3. Nc3 d5 4. Bf4 Nf6 5. Bg2 Bf5 6. h3 e6 7. hxg4 Bxg4 8. f3
Bf5 9. e4 Bg6 10. Qd3 c6 11. O-O-O Na6 12. Nge2 dxe4 13. fxe4 Nd5 14. Qg3 Nxc3
15. Nxc3 Bb4 16. Bh3 Bxc3 17. bxc3 O-O 18. Bxe6+ Bf7 19. Be5 g5 20. Qh3 1-0

[Event "IV Festival A"]
[Site "Vanzaghello ITA"]
[Date "2003.09.18"]
[Round "1"]
[White "Rossi, Giampiero"]
[Black "Orsenigo, Davide"]
[Result "1-0"]
[WhiteElo "2052"]
[BlackElo "1687"]
[PlyCount "80"]
[EventDate "2003.09.18"]

1. d4 Nf6 2. c4 c5 3. dxc5 e5 4. Nc3 Bxc5 5. e3 Nc6 6. a3 d6 7. Nf3 O-O 8. Be2
Be6 9. O-O a6 10. b3 Qc7 11. Bb2 Rfd8 12. Rc1 d5 13. cxd5 Nxd5 14. Nxd5 Bxd5
15. Qc2 Bd6 16. e4 Be6 17. Ng5 Bc8 18. Bc4 Rd7 19. Qe2 h6 20. Nf3 Rd8 21. Rfd1
Bg4 22. h3 Bh5 23. g4 Bg6 24. Nh4 Bh7 25. Qf3 Qe7 26. Nf5 Bxf5 27. Qxf5 Bc5 28.
Rxd8+ Rxd8 29. Qxf7+ Qxf7 30. Bxf7+ Kxf7 31. Rxc5 Rd3 32. Rc3 Rd2 33. Bc1 Rd1+
34. Kg2 Ke6 35. Be3 Ra1 36. b4 Rd1 37. h4 Rd7 38. h5 Rd1 39. Kf3 Rg1 40. Rd3
Rc1 1-0

[Event "IV Festival A"]
[Site "Vanzaghello ITA"]
[Date "2003.09.18"]
[Round "1"]
[White "Salami, Marco"]
[Black "Piazza, Angelo"]
[Result "1-0"]
[WhiteElo "2177"]
[BlackElo "1794"]
[PlyCount "62"]
[EventDate "2003.09.18"]

1. e4 Nf6 2. e5 Nd5 3. c4 Nb6 4. c5 Nd5 5. Bc4 e6 6. Qg4 d6 7. cxd6 cxd6 8. Nf3
Nc6 9. d4 dxe5 10. dxe5 Ndb4 11. Qe4 Be7 12. O-O Qc7 13. Nc3 Na6 14. Nb5 Qd8
15. Qg4 Kf8 16. Be3 Nab4 17. Rad1 Bd7 18. a3 Nd5 19. Bd2 a6 20. Nc3 Nxc3 21.
Bxc3 b5 22. Bd3 Qc7 23. Be4 Rd8 24. Rc1 Qb6 25. Rfd1 g6 26. Bd2 Kg7 27. Be3 Qc7
28. Qf4 h6 29. Nd4 Bg5 30. Qg3 Bxe3 31. Qxe3 Qb6 1-0

[Event "IV Festival A"]
[Site "Vanzaghello ITA"]
[Date "2003.09.18"]
[Round "1"]
[White "Ticozzi, Stefano"]
[Black "Contin, Daniel"]
[Result "0-1"]
[WhiteElo "1932"]
[BlackElo "2356"]
[PlyCount "64"]
[EventDate "2003.09.18"]

1. d4 Nf6 2. Nf3 b6 3. Bg5 e6 4. e3 Bb7 5. Bd3 Be7 6. Nbd2 c5 7. O-O cxd4 8.
exd4 Nc6 9. c3 Nd5 10. Bxe7 Ncxe7 11. Ne4 Qc7 12. Ng3 f5 13. Re1 O-O 14. c4 Nf4
15. Bf1 Neg6 16. Qb3 Kh8 17. Rac1 Rac8 18. Ne2 b5 19. Nxf4 Qxf4 20. Ne5 Nxe5
21. dxe5 a6 22. Qg3 Qd2 23. Qc3 Qg5 24. Qg3 Qh6 25. f4 Bc6 26. Be2 bxc4 27.
Bxc4 Rb8 28. b3 a5 29. Red1 Rfc8 30. Qe3 Rg8 31. Be2 g5 32. fxg5 Rxg5 0-1

[Event "IV Festival A"]
[Site "Vanzaghello ITA"]
[Date "2003.09.19"]
[Round "2"]
[White "Contin, Daniel"]
[Black "Rossi, Giampiero"]
[Result "1-0"]
[WhiteElo "2356"]
[BlackElo "2052"]
[PlyCount "55"]
[EventDate "2003.09.18"]

1. e4 c5 2. Nf3 e6 3. d4 cxd4 4. Nxd4 a6 5. c4 Nf6 6. Nc3 Qc7 7. Qe2 d6 8. g3
Be7 9. Bg2 Bd7 10. O-O Nc6 11. Nc2 O-O 12. b3 Rfc8 13. Bb2 Rab8 14. Rac1 Ne5
15. f4 Ng6 16. Ne3 Bf8 17. Kh1 b5 18. cxb5 axb5 19. Ncd5 Qd8 20. Nxf6+ gxf6 21.
Rxc8 Rxc8 22. h4 e5 23. Nd5 Bg7 24. fxe5 fxe5 25. Bc1 Bc6 26. h5 Nf8 27. h6 Bh8
28. Qg4+ 1-0

[Event "IV Festival A"]
[Site "Vanzaghello ITA"]
[Date "2003.09.19"]
[Round "2"]
[White "Damia, Angelo"]
[Black "Cardani, Roberto"]
[Result "1-0"]
[WhiteElo "2021"]
[BlackElo "1701"]
[PlyCount "115"]
[EventDate "2003.09.18"]

1. e4 c5 2. Nf3 d6 3. d4 cxd4 4. Nxd4 Nf6 5. Nc3 a6 6. Bg5 e6 7. f4 Be7 8. Qf3
Qc7 9. g4 Nbd7 10. O-O-O b5 11. Bxf6 Nxf6 12. g5 Nd7 13. f5 Bxg5+ 14. Kb1 Ne5
15. Qh5 Qd8 16. fxe6 g6 17. exf7+ Kxf7 18. Qe2 Rf8 19. Nf3 Bf6 20. Bg2 Kg8 21.
Qd2 Bb7 22. Nxe5 Bxe5 23. h4 Qf6 24. h5 g5 25. Nd5 Bxd5 26. Qxd5+ Qf7 27. Bh3
Qxd5 28. Rxd5 Rf2 29. h6 Ra7 30. Be6+ Kf8 31. a3 Rc7 32. c3 Ke7 33. Bf5 Kf6 34.
Rhd1 Rb7 35. Rxd6+ Bxd6 36. Rxd6+ Ke5 37. Re6+ Kf4 38. Rf6 Ke5 39. Re6+ Kf4 40.
Rf6 Ke3 41. Rxa6 Rxf5 42. exf5 g4 43. Rg6 Kf4 44. Rg7 Rb6 45. Rxh7 Kxf5 46.
Rf7+ Kg6 47. Rg7+ Kh5 48. h7 Rh6 49. Kc2 Kh4 50. Kd3 g3 51. Kd4 Rh5 52. c4 bxc4
53. Kxc4 Kh3 54. b4 g2 55. b5 Kh2 56. b6 g1=Q 57. Rxg1 Kxg1 58. b7 1-0

[Event "IV Festival A"]
[Site "Vanzaghello ITA"]
[Date "2003.09.19"]
[Round "2"]
[White "Kidane, Robel"]
[Black "Salami, Marco"]
[Result "0-1"]
[WhiteElo "2045"]
[BlackElo "2177"]
[PlyCount "60"]
[EventDate "2003.09.18"]

1. e4 e6 2. d4 d5 3. Nc3 Bb4 4. e5 c5 5. a3 Bxc3+ 6. bxc3 Qc7 7. Nf3 Ne7 8. Bd3
b6 9. a4 Ba6 10. O-O Bxd3 11. Qxd3 Nd7 12. Ba3 Rc8 13. Rac1 h6 14. h4 Nc6 15.
Nd2 O-O 16. f4 Qd8 17. Qh3 f5 18. h5 Rf7 19. Nf3 Ne7 20. Kh1 Nf8 21. Rg1 Qe8
22. g4 fxg4 23. Rxg4 Qxa4 24. Bb2 Nf5 25. Nh4 cxd4 26. Rcg1 Qxc2 27. R1g2 Qb1+
28. Kh2 Nxh4 29. Qxh4 dxc3 30. Qf6 Qh7 0-1

[Event "IV Festival A"]
[Site "Vanzaghello ITA"]
[Date "2003.09.19"]
[Round "2"]
[White "Molteni, Costantino"]
[Black "Borroni, Enrico"]
[Result "0-1"]
[WhiteElo "1678"]
[BlackElo "1908"]
[PlyCount "84"]
[EventDate "2003.09.18"]

1. Nf3 d5 2. c4 c6 3. b3 Bf5 4. g3 e6 5. Bb2 Nf6 6. Bg2 h6 7. O-O Bd6 8. d4 O-O
9. Nc3 Nbd7 10. Re1 Ne4 11. Nd2 Nxc3 12. Bxc3 dxc4 13. e4 Bh7 14. bxc4 e5 15.
d5 Nc5 16. Nb3 Qc7 17. Nxc5 Bxc5 18. Rb1 b6 19. Bb4 Bxb4 20. Rxb4 Qd6 21. Qb3
Kh8 22. Rd1 Rfd8 23. a4 f5 24. exf5 Bxf5 25. Re1 c5 26. Rb5 Bd7 27. Qe3 Bxb5
28. axb5 a5 29. bxa6 Rxa6 30. Qxe5 Qxe5 31. Rxe5 Ra1+ 32. Bf1 Rd1 33. Re6 b5
34. Rc6 Re8 35. Re6 Rxe6 36. dxe6 b4 37. Kg2 Re1 38. Bd3 Rxe6 39. Bc2 Re2 40.
Bb3 Rb2 41. Ba4 Ra2 42. Bb3 Ra3 0-1

[Event "IV Festival A"]
[Site "Vanzaghello ITA"]
[Date "2003.09.19"]
[Round "2"]
[White "Orsenigo, Davide"]
[Black "Ticozzi, Stefano"]
[Result "1/2-1/2"]
[WhiteElo "1687"]
[BlackElo "1932"]
[PlyCount "24"]
[EventDate "2003.09.18"]

1. e4 c5 2. Nf3 Nc6 3. d4 cxd4 4. Nxd4 Nf6 5. Nc3 d6 6. Be2 e5 7. Nb3 Be7 8.
O-O O-O 9. f4 a5 10. a4 Qb6+ 11. Kh1 Nb4 12. Bd3 Bd7 1/2-1/2

[Event "IV Festival A"]
[Site "Vanzaghello ITA"]
[Date "2003.09.19"]
[Round "2"]
[White "Piazza, Angelo"]
[Black "Brioschi, Camillo"]
[Result "0-1"]
[WhiteElo "1794"]
[BlackElo "1678"]
[PlyCount "86"]
[EventDate "2003.09.18"]

1. d4 Nf6 2. c4 e6 3. Nc3 Bb4 4. a3 Bxc3+ 5. bxc3 d6 6. Nf3 Nbd7 7. Qc2 b6 8.
e4 e5 9. Bd3 h6 10. h3 c5 11. d5 O-O 12. Be3 Re8 13. O-O Nf8 14. Kh2 Nh5 15. g3
Qd7 16. Ng1 g5 17. a4 a5 18. Rab1 Rb8 19. Rb2 Re7 20. Rfb1 Ng6 21. Qe2 Nf6 22.
Rxb6 Rxb6 23. Rxb6 g4 24. Bxh6 gxh3 25. Bg5 Qc7 26. Bxf6 Qxb6 27. Qh5 Qb2 28.
Ne2 Qd2 29. Qf3 Qh6 30. Qe3 Qxe3 31. fxe3 Bd7 32. Ng1 Bxa4 33. Nxh3 Bb3 34. Ng1
Bd1 35. Kg2 a4 36. Bb1 a3 37. Kf2 Rb7 38. Ba2 Rb2+ 39. Ke1 Bg4 40. Bb3 Rxb3 41.
Kd2 a2 42. Bxe5 Nxe5 43. Kc2 Rb6 0-1

[Event "IV Festival A"]
[Site "Vanzaghello ITA"]
[Date "2003.09.19"]
[Round "2"]
[White "Profumo, Alberto"]
[Black "Bianchi, Alberto"]
[Result "1-0"]
[WhiteElo "2240"]
[BlackElo "2040"]
[PlyCount "120"]
[EventDate "2003.09.18"]

1. Nf3 Nf6 2. g3 d5 3. Bg2 e6 4. d4 Be7 5. O-O O-O 6. c4 dxc4 7. Ne5 c6 8. Nxc4
Nbd7 9. Nc3 Nb6 10. Ne5 Nfd5 11. Ne4 Nd7 12. Nxd7 Bxd7 13. Nc5 Be8 14. e4 Nf6
15. Nxb7 Qb6 16. Nc5 Rd8 17. Nb3 c5 18. Bd2 Ba4 19. Ba5 Qxa5 20. Nxa5 Bxd1 21.
Raxd1 cxd4 22. Nc6 Rd7 23. e5 Ng4 24. h3 Nh6 25. Nxe7+ Rxe7 26. Rxd4 Nf5 27.
Rd3 Rc7 28. f4 g6 29. Be4 Ne7 30. Rfd1 Rfc8 31. Kf2 Kf8 32. Rd8+ Kg7 33. Rxc8
Nxc8 34. Rd4 Nb6 35. Rb4 Rc1 36. a4 Ra1 37. b3 Nd7 38. Rc4 Ra3 39. Rc3 Nb6 40.
Bc6 Kf8 41. Ke3 Ke7 42. Kd4 f6 43. exf6+ Kxf6 44. Kc5 g5 45. fxg5+ Kxg5 46. Kb4
Ra1 47. a5 Nc8 48. Bd7 Nd6 49. Bxe6 Kf6 50. Bd5 Ke5 51. Bg8 h6 52. Re3+ Kd4 53.
Re6 Ne4 54. Rxh6 Nxg3 55. Rd6+ Ke5 56. Re6+ Kd4 57. Ra6 Rf1 58. Rxa7 Rf8 59.
Rd7+ Ke5 60. Bd5 Rb8+ 1-0

[Event "IV Festival A"]
[Site "Vanzaghello ITA"]
[Date "2003.09.20"]
[Round "3"]
[White "Bianchi, Alberto"]
[Black "Damia, Angelo"]
[Result "1-0"]
[WhiteElo "2040"]
[BlackElo "2021"]
[PlyCount "143"]
[EventDate "2003.09.18"]

1. e4 c5 2. Nf3 a6 3. Nc3 d6 4. Bc4 e6 5. d4 cxd4 6. Nxd4 Nf6 7. Be3 b5 8. Bd3
Bb7 9. f3 Nbd7 10. O-O Be7 11. Nb3 Nc5 12. Nxc5 dxc5 13. Qe1 Qc7 14. Qg3 Qxg3
15. hxg3 O-O 16. Rfd1 Rfd8 17. Bf1 Bc6 18. g4 b4 19. Ne2 e5 20. Ng3 Bb5 21. Nf5
Bf8 22. Bf2 Ne8 23. Ne3 Nc7 24. Nc4 Bxc4 25. Bxc4 Be7 26. a3 Rxd1+ 27. Rxd1
bxa3 28. bxa3 Nb5 29. Rd3 Kf8 30. a4 Nd4 31. c3 Ne2+ 32. Kf1 Nf4 33. Rd1 Ke8
34. Rb1 Ne6 35. Rb6 Nc7 36. Ke2 f6 37. g3 Kd7 38. f4 g6 39. f5 g5 40. Kd3 Ra7
41. Be6+ Nxe6 42. Rxe6 Rc7 43. Rxa6 c4+ 44. Kc2 Rb7 45. Be3 Bd6 46. Ra8 Rb8 47.
Ra7+ Bc7 48. a5 Kc8 49. Ra6 Bd8 50. Rc6+ Kd7 51. Rxc4 Bxa5 52. Ra4 Bc7 53. Ra6
Bd8 54. Bc5 Rc8 55. Bb4 Rc6 56. Ra7+ Bc7 57. Kb3 Kc8 58. Ra8+ Bb8 59. Ra1 Kb7
60. Rh1 Rc7 61. Rh6 Rf7 62. Kc4 Kc6 63. Rh1 Bc7 64. Ra1 Bb6 65. Ra6 Kb7 66. Kb5
Bf2 67. c4 Bxg3 68. c5 Bf2 69. c6+ Kb8 70. Bd6+ Rc7 71. Bxc7+ Kxc7 72. Ra8 1-0

[Event "IV Festival A"]
[Site "Vanzaghello ITA"]
[Date "2003.09.20"]
[Round "3"]
[White "Borroni, Enrico"]
[Black "Kidane, Robel"]
[Result "0-1"]
[WhiteElo "1908"]
[BlackElo "2045"]
[PlyCount "70"]
[EventDate "2003.09.18"]

1. d4 Nf6 2. Nf3 d5 3. c4 g6 4. Nc3 Bg7 5. e3 O-O 6. cxd5 Nxd5 7. Bc4 Nxc3 8.
bxc3 c5 9. O-O Nc6 10. Qe2 e5 11. Ba3 b6 12. Rfd1 e4 13. Nd2 Qe7 14. Nb3 Re8
15. Rac1 Qg5 16. Qf1 Bg4 17. Be2 h5 18. Rd2 Red8 19. Bb5 Ne7 20. dxc5 Nf5 21.
Bc6 Rac8 22. Bxe4 Nxe3 23. Rxd8+ Rxd8 24. fxe3 Qxe3+ 25. Kh1 Qxe4 26. cxb6 axb6
27. c4 Ra8 28. Nd2 Qc6 29. Nb1 Bf5 30. Bb4 Rxa2 31. Nc3 Bxc3 32. Bxc3 Be4 33.
Qd1 Bxg2+ 34. Kg1 Qc5+ 35. Qd4 Qxd4+ 0-1

[Event "IV Festival A"]
[Site "Vanzaghello ITA"]
[Date "2003.09.20"]
[Round "3"]
[White "Brioschi, Camillo"]
[Black "Orsenigo, Davide"]
[Result "1-0"]
[WhiteElo "1678"]
[BlackElo "1687"]
[PlyCount "131"]
[EventDate "2003.09.18"]

1. d4 Nf6 2. c4 c5 3. Nf3 g6 4. Nc3 Bg7 5. e4 cxd4 6. Nxd4 d6 7. Be2 Qb6 8. Nb3
Nc6 9. Be3 Qd8 10. O-O O-O 11. f3 h6 12. Qd2 Kh7 13. Rac1 b6 14. Nd4 Nxd4 15.
Bxd4 Be6 16. Nd5 Nxd5 17. cxd5 Bxd4+ 18. Qxd4 Bd7 19. Ba6 Rb8 20. Rc3 Bc8 21.
Bb5 Bd7 22. Bc6 Bxc6 23. Rxc6 Qd7 24. Rfc1 Rfc8 25. Qc4 Rxc6 26. Qxc6 Rd8 27.
Kf2 Kg7 28. Ke3 h5 29. h4 e6 30. Qxd7 Rxd7 31. Kd4 Kf6 32. f4 Ke7 33. Rc6 Rb7
34. Kc4 f5 35. dxe6 fxe4 36. Kd5 e3 37. Rc3 e2 38. Re3 e1=Q 39. Rxe1 Rc7 40.
Re2 Rc5+ 41. Kd4 Rf5 42. g3 Rf6 43. Kd5 Rf5+ 44. Kc6 Rf6 45. Kb7 Rxe6 46. Rc2
Re3 47. Kxa7 Rxg3 48. Kxb6 Rg4 49. a4 Rxf4 50. a5 Rb4+ 51. Ka7 d5 52. a6 Kd7
53. Rg2 Rg4 54. Rf2 Ke6 55. Kb6 Rb4+ 56. Ka5 Rb8 57. b4 Kd6 58. Rf6+ Kc7 59. b5
d4 60. b6+ Kd7 61. a7 Ra8 62. Ka6 Re8 63. b7 Re1 64. b8=Q Ra1+ 65. Kb5 Rb1+ 66.
Kc4 1-0

[Event "IV Festival A"]
[Site "Vanzaghello ITA"]
[Date "2003.09.20"]
[Round "3"]
[White "Cardani, Roberto"]
[Black "Molteni, Costantino"]
[Result "1/2-1/2"]
[WhiteElo "1701"]
[BlackElo "1678"]
[PlyCount "133"]
[EventDate "2003.09.18"]

1. e4 Nf6 2. e5 Nd5 3. d4 d6 4. Nf3 dxe5 5. dxe5 Bg4 6. Be2 e6 7. O-O Bxf3 8.
Bxf3 c6 9. c4 Ne7 10. Qe2 Nd7 11. Bg4 Ng6 12. f4 Bc5+ 13. Be3 Qb6 14. Bxc5
Qxc5+ 15. Kh1 Qd4 16. g3 Nb6 17. Na3 O-O 18. b3 Rad8 19. Rfd1 Qc5 20. Nc2 Qe7
21. Ne1 Rxd1 22. Rxd1 Rd8 23. Nf3 Rxd1+ 24. Qxd1 c5 25. Ng5 Nf8 26. Ne4 Nc8 27.
Bf3 b6 28. Kg2 Qd7 29. Qxd7 Nxd7 30. Nc3 Ne7 31. Nb5 a6 32. Nd6 Kf8 33. Bb7 a5
34. g4 f6 35. exf6 gxf6 36. Kf3 e5 37. f5 Kg7 38. h4 h6 39. Nc8 Kf8 40. Ke4
Nxc8 41. Bxc8 Ke7 42. Bb7 Kd6 43. Bc8 Nf8 44. Bb7 Nd7 45. Bd5 Nb8 46. Ke3 Na6
47. a3 Nc7 48. Bf7 Ke7 49. Bh5 Kd6 50. Ke4 Ke7 51. g5 hxg5 52. hxg5 fxg5 53.
Kxe5 Ne8 54. Bxe8 Kxe8 55. f6 Kf7 56. Kf5 g4 57. Kxg4 Kxf6 58. Kf4 Ke6 59. Ke4
Kd6 60. Kf5 Kc6 61. Ke6 b5 62. Ke5 a4 63. bxa4 bxc4 64. Ke4 Kb6 65. Ke3 Ka5 66.
Kd2 Kxa4 67. Kc3 1/2-1/2

[Event "IV Festival A"]
[Site "Vanzaghello ITA"]
[Date "2003.09.20"]
[Round "3"]
[White "De Santis, Alessio"]
[Black "Profumo, Alberto"]
[Result "1/2-1/2"]
[WhiteElo "2289"]
[BlackElo "2240"]
[PlyCount "104"]
[EventDate "2003.09.18"]

1. d4 d5 2. c4 e6 3. Nc3 Nf6 4. cxd5 exd5 5. Bg5 c6 6. e3 Bf5 7. f3 Be7 8. g4
Bg6 9. h4 h5 10. Bxf6 Bxf6 11. g5 Be7 12. Bd3 Qd6 13. Nge2 Nd7 14. Bxg6 Qxg6
15. e4 dxe4 16. fxe4 O-O-O 17. Qa4 Kb8 18. O-O-O Bd6 19. Rhf1 f6 20. Rf5 Rhe8
21. gxf6 gxf6 22. Rg1 Qh7 23. Qa5 Qh6+ 24. Kb1 Rh8 25. Rf3 Rdg8 26. Rxg8+ Rxg8
27. Qf5 Kc7 28. Qe6 Rg2 29. e5 Qg6+ 30. Rf5 fxe5 31. Qxg6 Rxg6 32. Rxh5 exd4
33. Nxd4 Be5 34. Nf3 Bxc3 35. bxc3 Rf6 36. Nd4 Rf2 37. Rh7 Kd6 38. h5 a6 39. h6
c5 40. Nc2 Rh2 41. Rh8 Nf6 42. Ne3 Ke5 43. Nc4+ Kd5 44. Nb2 b5 45. a3 c4 46.
Ra8 Rxh6 47. Rxa6 Rh1+ 48. Kc2 Rh2+ 49. Kc1 Ne4 50. Nd1 Nc5 51. Ra8 Nb3+ 52.
Kb1 Nd2+ 1/2-1/2

[Event "IV Festival A"]
[Site "Vanzaghello ITA"]
[Date "2003.09.20"]
[Round "3"]
[White "Rossi, Giampiero"]
[Black "Sgnaolin, Davide"]
[Result "0-1"]
[WhiteElo "2052"]
[BlackElo "2137"]
[PlyCount "112"]
[EventDate "2003.09.18"]

1. d4 Nf6 2. c4 c5 3. dxc5 Qa5+ 4. Nc3 e6 5. Nf3 Bxc5 6. e3 Ne4 7. Bd2 Nxd2 8.
Qxd2 O-O 9. Rc1 Nc6 10. Be2 Be7 11. O-O d6 12. Rfd1 Rd8 13. a3 a6 14. Ne4 Qxd2
15. Rxd2 f5 16. Nc3 Bd7 17. Rdd1 Rab8 18. b4 Be8 19. Nd4 Nxd4 20. Rxd4 Bf6 21.
Rd2 Kf7 22. Bd1 Rbc8 23. Ne2 Ke7 24. Bb3 b5 25. Rdc2 bxc4 26. Rxc4 Rxc4 27.
Rxc4 Bb5 28. Rc7+ Rd7 29. Rxd7+ Kxd7 30. Nd4 d5 31. f4 Bd3 32. Kf2 Kd6 33. Ke1
e5 34. fxe5+ Kxe5 35. Kd2 Bb1 36. g3 Ke4 37. Ne2 d4 38. exd4 Bxd4 39. Nc3+
Bxc3+ 40. Kxc3 Bd3 41. a4 g5 42. Bg8 h6 43. Bh7 Be2 44. Kd2 Bg4 45. a5 Kd4 46.
Bg8 f4 47. b5 axb5 48. a6 Bc8 49. a7 Bb7 50. gxf4 gxf4 51. Ke2 Kc5 52. Kd3 Kb6
53. Kc3 Kxa7 54. Bh7 f3 55. Bd3 b4+ 56. Kxb4 Ba6 0-1

[Event "IV Festival A"]
[Site "Vanzaghello ITA"]
[Date "2003.09.20"]
[Round "3"]
[White "Salami, Marco"]
[Black "Contin, Daniel"]
[Result "0-1"]
[WhiteElo "2177"]
[BlackElo "2356"]
[PlyCount "140"]
[EventDate "2003.09.18"]

1. e4 e6 2. d3 c5 3. Nf3 Nc6 4. g3 d6 5. Bg2 g6 6. O-O Bg7 7. Nbd2 Nge7 8. c3
O-O 9. a4 Rb8 10. Nc4 b6 11. Re1 e5 12. Rb1 a5 13. Qc2 h6 14. Nfd2 f5 15. Ne3
f4 16. Nd5 g5 17. Nc4 Be6 18. Qd1 Rb7 19. Bd2 Nc8 20. Bf3 Qd7 21. g4 b5 22.
axb5 Rxb5 23. h3 N8e7 24. Qa4 Rfb8 25. Nxe7+ Nxe7 26. Nxa5 Ng6 27. Nc4 Nh4 28.
Be2 f3 29. Bf1 Bf8 30. Ne3 Bb3 31. Qa1 R5b7 32. Rbc1 Ra7 33. Qb1 Ra2 34. d4 Ng2
35. Bxg2 fxg2 36. Qd3 Qf7 37. Nf5 Rxb2 38. d5 c4 39. Qe3 Ra8 40. Ra1 Qb7 41.
Rxa8 Qxa8 42. Bc1 Rc2 43. h4 Qa5 44. Bd2 Qa2 45. Bc1 Qa1 46. Bd2 Qb2 47. Bc1
Qxc3 48. Qxc3 Rxc3 49. hxg5 hxg5 50. Bxg5 Rd3 51. Kxg2 c3 52. Rc1 Bd1 53. Ne3
c2 54. Kg3 Kf7 55. Kh4 Rd2 56. Kg3 Kg6 57. Bh4 Bh6 58. g5 Bf8 59. Nf5 Rd3+ 60.
Ne3 Rb3 61. Kg2 Rd3 62. Kf1 Kh5 63. Bg3 Rxe3 64. fxe3 Kxg5 65. Be1 Kg4 66. Kf2
Be7 67. Bb4 Bh4+ 68. Kf1 Kf3 69. Bxd6 Bf2 70. Rxc2 Bxc2 0-1

[Event "IV Festival A"]
[Site "Vanzaghello ITA"]
[Date "2003.09.20"]
[Round "3"]
[White "Ticozzi, Stefano"]
[Black "Piazza, Angelo"]
[Result "0-1"]
[WhiteElo "1932"]
[BlackElo "1794"]
[PlyCount "86"]
[EventDate "2003.09.18"]

1. d4 Nf6 2. Nf3 c5 3. e3 g6 4. Bd3 Bg7 5. Nbd2 cxd4 6. exd4 O-O 7. O-O Nc6 8.
c3 d6 9. Re1 Re8 10. Ne4 Nxe4 11. Bxe4 d5 12. Bd3 e5 13. dxe5 Nxe5 14. Nxe5
Bxe5 15. Be3 Bd7 16. Bd4 Qf6 17. Bxe5 Rxe5 18. Rxe5 Qxe5 19. Qe2 Qg5 20. Re1
Re8 21. Qd1 Re5 22. Bf1 Bc6 23. Rxe5 Qxe5 24. Qd4 Qe1 25. c4 dxc4 26. Qxc4 a6
27. Qe2 Qc1 28. f3 Bb5 29. Qf2 Bxf1 30. Qxf1 Qxb2 31. Qc4 Qb6+ 32. Kf1 Qc6 33.
Qd4 b5 34. Ke2 Qc2+ 35. Qd2 Qc7 36. h3 h5 37. Kd1 Qc4 38. Ke1 Kh7 39. a3 Qc5
40. Qa5 Qg1+ 41. Ke2 Qxg2+ 42. Ke3 Qxh3 43. Qxa6 Qe6+ 0-1

[Event "IV Festival A"]
[Site "Vanzaghello ITA"]
[Date "2003.09.20"]
[Round "4"]
[White "Brioschi, Camillo"]
[Black "Bianchi, Alberto"]
[Result "1/2-1/2"]
[WhiteElo "1678"]
[BlackElo "2040"]
[PlyCount "109"]
[EventDate "2003.09.18"]

1. d4 d5 2. c4 e6 3. Nc3 Nf6 4. Bg5 Be7 5. e3 O-O 6. Nf3 Nbd7 7. Bd3 h6 8. Bh4
b6 9. cxd5 Nxd5 10. Bxe7 Nxe7 11. O-O Bb7 12. Be4 c6 13. Rc1 Qb8 14. Qe2 Rd8
15. Rfd1 Nd5 16. Nxd5 exd5 17. Bb1 Nf8 18. Ne5 Rd6 19. Rc3 Qe8 20. Rdc1 c5 21.
dxc5 bxc5 22. Nf3 Ne6 23. Qd3 g6 24. h4 h5 25. Ng5 Ba6 26. Qd2 Nxg5 27. hxg5 c4
28. Qd4 Qe7 29. e4 Qxg5 30. e5 Rd7 31. Re1 Qg4 32. Qxg4 hxg4 33. e6 Re7 34.
exf7+ Rxf7 35. Bxg6 Rf6 36. Bh5 d4 37. Rg3 d3 38. Bxg4 Kf8 39. Rh3 Kg7 40. Re7+
Rf7 41. Rh7+ Kxh7 42. Rxf7+ Kg6 43. Rd7 Bb5 44. Rd5 a6 45. f3 Ra7 46. Kf2 Re7
47. Bf5+ Kf6 48. Be4 Rc7 49. Ke3 Ke6 50. g4 Rg7 51. Kd2 Rg8 52. b3 cxb3 53.
axb3 Rh8 54. Rf5 Rd8 55. g5 1/2-1/2